03082cam a22004094i 4500003000900000005001700009008004100026035002000067040003300087100004300120245018300163264001000346300004000356336002100396337002500417338002300442502005900465504002400524520187300548526001002421526001002431526000902441526000902450526000902459526000902468526000902477526000902486526000902495526000802504526000802512526000802520526000802528526000802536650002702544610004902571610005202620PE-LiUPU20250731165413.0151118s2015 pe a grm 000 0 spa d a(Sirsi) a155161 aPE-LiUPUbspacPE-LiUPUerda1 aMaldonado Pizarro, Joel Antonioeautor1 aAnálisis del nivel de uso del Nuevo periodismo en la redacción de textos publicados en los diarios El Comercio y La República, Lima, 2015 /cJoel Antonio Maldonado Pizarro. 0c2015. a141 hojas : bilustraciones;c30 cm atext2rdacontent aunmediated2rdamedia avolume2rdacarrier aTesisb(Lic.) -- cUniversidad Peruana Unión,d2015. aIncluye referencias3 aEl propósito que enmarcó esta investigación fue el de determinar el nivel de uso del Nuevo periodismo (la cual incluye el dominio de las herramientas literarias dentro de las notas informativas de los periódicos de estudio) en los diarios de El Comercio y La República. El tipo de investigación fue básica de enfoque cuantitativo; el diseño no experimental, y la muestra estuvo conformada por un total de 112 notas periodísticas -por diario- durante el lapso de una semana. Para el desarrollo del estudio, se elaboró un instrumento de medición (una ficha de cotejo) que fue validado por cinco expertos: un linguista, un escritor, dos periodistas y un catedrático de Ciencias de la Comunicación. El análisis se repartió en cuatro secciones de los diarios de estudio: Política, Opinión, Mundo y Espectáculos. Cada sección fue evaluada por medio de las dimensiones de la variable determinada en el estudio. Los resultados del análisis de la ficha de cotejo reflejaron que estadísticamente existe un nivel Deficiente de uso del Nuevo Periodismo dentro de las notas periodísticas de los diarios de El Comercio y la República. Así se pudo comprobar, por ejemplo, que el 68.8% de las notas escritas del diario El Comercio alcanzaron un nivel Deficiente del uso del nuevo Periodismo. Y solo el 0.9% de las 112 notas analizadas tuvieron un nivel de uso Bueno; esto se traduciría a que más de 70 notas analizadas tuvieron un nivel de uso Bueno; esto se traduciría a que más de 70 notas no cumplieron con los requisitos de las dimensiones de la variable de estudio y solo una nota llegó a cumplir satisfactoriamente los requerimientos del Nuevo Periodismo. De la misma forma, el diario La República alcanzó un 71.4% de nivel Deficiente en cuanto al uso de la variable de investigación y tuvo un 0.0% de nivel Bueno. aSEG44 aSEG26 aP151 aP150 aP149 aP146 aP145 aP126 aP125 aP92 aP75 aP74 aP27 aP1514aPublicidadxRedaccion. aDiario El ComercioxPublicidadxRedacción. aDiario La RepúblicaxPublicidadxRedacción.